Vista normal
Vista MARC
Entrada Materia (personas)
Número de registros utilizados en: 2
001 - CONTROL NUMBER
- control field: 80597
003 - CONTROL NUMBER IDENTIFIER
- control field: Co-BoUCM
005 - DATE AND TIME OF LATEST TRANSACTION
- control field: 20160928085531.0
008 - FIXED-LENGTH DATA ELEMENTS
- fixed length control field: 160928|| aca||aabn | a|a d
040 ## - CATALOGING SOURCE
- Original cataloging agency: Co-BoUCM
- Transcribing agency: Co-BoUCM
100 ## - HEADING--PERSONAL NAME
- Personal name: Carrasquilla, Rafael María
- Titles and other words associated with a name: Presbitero
670 ## - SOURCE DATA FOUND
- Source citation: Work cat.: (Co-BoUCM): Carrasquilla, Rafael María Presbitero, Constituciones del Colegio Mayor de Nuestra Señora del Rosario, 1893